000 00863nai a2200217Ia 4500
003 IN-BaIIA
008 211028c9999 xx s 000 0 eng d
022 _a0096-3860 (Print)
022 _a2330-9431 (Online)
040 _cIIA Library
245 0 _aTransactions of the American Institute of Electrical Engineers
_h[eJournal]
260 _aNew York, USA
_bThe Institute of Electrical and Electronics Engineers, Inc. (IEEE)
310 _aBiannualy
362 _aI(1); 1884 - 70(2); 1951
521 _bSubscribed through National Knowledge Resource Consortium (NKRC)
650 _a Communication, Networking and Broadcast Technologies
650 _a Signal Processing and Analysis
_948813
650 _aFields, Waves and Electromagnetics
856 _uhttps://ieeexplore.ieee.org/servlet/opac?punumber=4763772
_yClick Here to Access eJournal
942 _cEJ
999 _c35811
_d35811